000 00475nam a2200157 4500
999 _c642
_d642
008 191108b ||||| |||| 00| 0 eng d
082 0 0 _a621.3
_bC7711
100 _aCook, Arthur I
_968
245 1 0 _aElements of Electrical Engineering: A Textbook of Principles and Practice
_cby Arthur Cook
250 _a5th ed.
260 _aNew York
_bJohn Wiley & Sons
_c1947
300 _ax, 662 p.
650 0 _aElectrical Engineering
700 _969
_aCarr, Clifford C.
942 _2ddc
_cBK